{"text_format":"3","workbook":"xlsx","n_sheets":1,"sheets":["t497"],"read":"whole","date_system":"1900"}

{"sheet":"t497","index":0,"n_rows":178,"n_cols":7,"rows_kept":178,"merged":[[0,0,0,6],[30,0,30,5],[45,0,45,5],[150,0,150,5]]}
["TABELA 497.1 - Estatísticas Agrícolas, Município de Sales Oliveira, Estado de São Paulo, 2007/08."]
["ITEM","UNIDADE","N.DE UPAs","MÍNIMO","MÉDIO","MÁXIMO","TOTAL"]
["Distância à sede do município","km",298,0.5,{"v":10.48,"d":"10.5"},{"v":30,"d":"30.0"},"-"]
["Área total","hectare",298,{"v":2,"d":"2.0"},{"v":97.03,"d":"97.0"},{"v":1364.8,"d":"1,364.8"},{"v":28915.3,"d":"28,915.3"}]
["Área com cultura perene","hectare",15,0.4,{"v":40.83,"d":"40.8"},446.8,612.5]
["Área com cultura temporária","hectare",254,0.6,{"v":88.99,"d":"89.0"},{"v":1275.1,"d":"1,275.1"},{"v":22602.4,"d":"22,602.4"}]
["Área com pastagem","hectare",143,0.4,{"v":21.29,"d":"21.3"},474.9,{"v":3044.5,"d":"3,044.5"}]
["Área com reflorestamento","hectare",3,4.8,6.9,8.7,20.7]
["Área com vegetação natural","hectare",132,0.5,{"v":15.55,"d":"15.6"},212.9,{"v":2052.9,"d":"2,052.9"}]
["Área com vegetação de brejo e várzea","hectare",18,0.1,{"v":2.56,"d":"2.6"},7.2,{"v":46,"d":"46.0"}]
["Área em descanso","hectare",1,1.2,1.2,1.2,1.2]
["Área complementar","hectare",193,0.1,{"v":2.77,"d":"2.8"},{"v":22,"d":"22.0"},535.1]
["Área das UPAs com (0, 1] ha","hectare","-","-","-","-","-"]
["Área das UPAs com (1, 2] ha","hectare",1,{"v":2,"d":"2.0"},{"v":2,"d":"2.0"},{"v":2,"d":"2.0"},{"v":2,"d":"2.0"}]
["Área das UPAs com (2, 5] ha","hectare",29,2.1,{"v":3.66,"d":"3.7"},{"v":5,"d":"5.0"},106.1]
["Área das UPAs com (5, 10] ha","hectare",39,5.2,{"v":7.23,"d":"7.2"},9.6,281.8]
["Área das UPAs com (10, 20] ha","hectare",47,10.6,{"v":15.17,"d":"15.2"},{"v":20,"d":"20.0"},712.9]
["Área das UPAs com (20, 50] ha","hectare",69,20.5,{"v":31.53,"d":"31.5"},49.8,{"v":2175.8,"d":"2,175.8"}]
["Área das UPAs com (50, 100] ha","hectare",47,50.9,72.4,99.7,{"v":3402.6,"d":"3,402.6"}]
["Área das UPAs com (100, 200] ha","hectare",37,{"v":103,"d":"103.0"},149.8,199.8,{"v":5542.5,"d":"5,542.5"}]
["Área das UPAs com (200, 500] ha","hectare",17,204.3,{"v":312.54,"d":"312.5"},{"v":480,"d":"480.0"},{"v":5313.2,"d":"5,313.2"}]
["Área das UPAs com (500, 1.000] ha","hectare",7,666.6,{"v":776.84,"d":"776.8"},925.4,{"v":5437.9,"d":"5,437.9"}]
["Área das UPAs com (1.000, 2.000] ha","hectare",5,{"v":1083.5,"d":"1,083.5"},{"v":1188.1,"d":"1,188.1"},{"v":1364.8,"d":"1,364.8"},{"v":5940.5,"d":"5,940.5"}]
["Área das UPAs com (2.000, 5.000] ha","hectare","-","-","-","-","-"]
["Área das UPAs com (5.000, 10.000] ha","hectare","-","-","-","-","-"]
["Área das UPAs acima de 10.000 ha","hectare","-","-","-","-","-"]
["Familiares do proprietário que trabalham na UPA","unidade",112,{"v":1,"d":"1.0"},{"v":1.58,"d":"1.6"},{"v":5,"d":"5.0"},{"v":177,"d":"177.0"}]
["Trabalhadores permanentes","unidade",121,{"v":1,"d":"1.0"},{"v":4.31,"d":"4.3"},{"v":90,"d":"90.0"},{"v":521,"d":"521.0"}]
["Fonte: Secretaria de Agricultura e Abastecimento, CDRS/IEA, Projeto LUPA."]
[]
["TABELA 497.2 - Explorações Animais, Município de Sales Oliveira, Estado de São Paulo, 2007/08."]
["ITEM","UNIDADE","N.DE UPAs","MÍNIMO","MÉDIO","MÁXIMO","TOTAL"]
["Avicultura de Corte","cabeças/ano",6,{"v":7000,"d":"7,000.0"},{"v":54000,"d":"54,000.0"},{"v":90000,"d":"90,000.0"},{"v":324000,"d":"324,000.0"}]
["Avicultura para Ovos","cabeças",4,{"v":6000,"d":"6,000.0"},{"v":31750,"d":"31,750.0"},{"v":63000,"d":"63,000.0"},{"v":127000,"d":"127,000.0"}]
["Bovinocultura de Corte","cabeças",12,{"v":10,"d":"10.0"},{"v":220.17,"d":"220.2"},{"v":901,"d":"901.0"},{"v":2642,"d":"2,642.0"}]
["Bovinocultura Leiteira","cabeças",8,{"v":11,"d":"11.0"},82.5,{"v":200,"d":"200.0"},{"v":660,"d":"660.0"}]
["Bovinocultura Mista","cabeças",92,{"v":1,"d":"1.0"},{"v":40.15,"d":"40.2"},{"v":662,"d":"662.0"},{"v":3694,"d":"3,694.0"}]
["Bubalinocultura","cabeças",1,{"v":210,"d":"210.0"},{"v":210,"d":"210.0"},{"v":210,"d":"210.0"},{"v":210,"d":"210.0"}]
["Caprinocultura","cabeças",6,{"v":1,"d":"1.0"},{"v":48.33,"d":"48.3"},{"v":182,"d":"182.0"},{"v":290,"d":"290.0"}]
["Equinocultura","cabeças",60,{"v":1,"d":"1.0"},{"v":5.23,"d":"5.2"},{"v":65,"d":"65.0"},{"v":314,"d":"314.0"}]
["Ovinocultura","cabeças",7,{"v":4,"d":"4.0"},{"v":28,"d":"28.0"},{"v":78,"d":"78.0"},{"v":196,"d":"196.0"}]
["Piscicultura","m² tanques",5,{"v":1500,"d":"1,500.0"},{"v":15420,"d":"15,420.0"},{"v":36600,"d":"36,600.0"},{"v":77100,"d":"77,100.0"}]
["Suinocultura","cabeças",52,{"v":1,"d":"1.0"},{"v":34.54,"d":"34.5"},{"v":500,"d":"500.0"},{"v":1796,"d":"1,796.0"}]
["Fonte: Secretaria de Agricultura e Abastecimento, CDRS/IEA, Projeto LUPA."]
[]
["TABELA 497.3 -  Máquinas, Implementos e Benfeitorias, Município de Sales Oliveira, Estado de São Paulo, 2007/08."]
["ITEM","UNIDADE","N.DE UPAs","MÍNIMO","MÉDIO","MÁXIMO","TOTAL"]
["Arado Comum (Bacia, Aiveca)","Unidade",47,{"v":1,"d":"1.0"},{"v":1.45,"d":"1.5"},{"v":11,"d":"11.0"},{"v":68,"d":"68.0"}]
["Arado Escarificador","Unidade",16,{"v":1,"d":"1.0"},{"v":1.56,"d":"1.6"},{"v":3,"d":"3.0"},{"v":25,"d":"25.0"}]
["Arado Subsolador","Unidade",17,{"v":1,"d":"1.0"},{"v":1.35,"d":"1.4"},{"v":3,"d":"3.0"},{"v":23,"d":"23.0"}]
["Batedeira de Cereais","Unidade",4,{"v":1,"d":"1.0"},{"v":1,"d":"1.0"},{"v":1,"d":"1.0"},{"v":4,"d":"4.0"}]
["Câmara Fria","Unidade",2,{"v":1,"d":"1.0"},{"v":1,"d":"1.0"},{"v":1,"d":"1.0"},{"v":2,"d":"2.0"}]
["Carregadeira de Cana","Unidade",4,{"v":1,"d":"1.0"},{"v":2.25,"d":"2.3"},{"v":4,"d":"4.0"},{"v":9,"d":"9.0"}]
["Colhedeira Acoplada","Unidade",1,{"v":6,"d":"6.0"},{"v":6,"d":"6.0"},{"v":6,"d":"6.0"},{"v":6,"d":"6.0"}]
["Colhedeira Automotriz","Unidade",10,{"v":1,"d":"1.0"},1.5,{"v":3,"d":"3.0"},{"v":15,"d":"15.0"}]
["Conj.Irrigação Convencional","Unidade",2,{"v":1,"d":"1.0"},{"v":1,"d":"1.0"},{"v":1,"d":"1.0"},{"v":2,"d":"2.0"}]
["Conj.Irrigação Pivot Central","Unidade",2,{"v":1,"d":"1.0"},{"v":1,"d":"1.0"},{"v":1,"d":"1.0"},{"v":2,"d":"2.0"}]
["Conjunto de Fenação","Unidade",2,{"v":1,"d":"1.0"},{"v":3,"d":"3.0"},{"v":5,"d":"5.0"},{"v":6,"d":"6.0"}]
["Desintegrador, Picador, Triturador","Unidade",90,{"v":1,"d":"1.0"},{"v":1.19,"d":"1.2"},{"v":3,"d":"3.0"},{"v":107,"d":"107.0"}]
["Distribuidor de Calcário","Unidade",8,{"v":1,"d":"1.0"},{"v":1.13,"d":"1.1"},{"v":2,"d":"2.0"},{"v":9,"d":"9.0"}]
["Ensiladeira","Unidade",32,{"v":1,"d":"1.0"},{"v":1.25,"d":"1.3"},{"v":3,"d":"3.0"},{"v":40,"d":"40.0"}]
["Grade Aradora (Tipo Romi)","Unidade",48,{"v":1,"d":"1.0"},1.4,{"v":4,"d":"4.0"},{"v":67,"d":"67.0"}]
["Grade Niveladora","Unidade",17,{"v":1,"d":"1.0"},{"v":1.18,"d":"1.2"},{"v":2,"d":"2.0"},{"v":20,"d":"20.0"}]
["Máquina de Classificar Frutas","Unidade",1,{"v":1,"d":"1.0"},{"v":1,"d":"1.0"},{"v":1,"d":"1.0"},{"v":1,"d":"1.0"}]
["Microtrator","Unidade",2,{"v":1,"d":"1.0"},1.5,{"v":2,"d":"2.0"},{"v":3,"d":"3.0"}]
["Misturador de Ração","Unidade",25,{"v":1,"d":"1.0"},{"v":1.04,"d":"1.0"},{"v":2,"d":"2.0"},{"v":26,"d":"26.0"}]
["Ordenhadeira Mecânica","Unidade",10,{"v":1,"d":"1.0"},{"v":1,"d":"1.0"},{"v":1,"d":"1.0"},{"v":10,"d":"10.0"}]
["Pulverizador Tratorizado","Unidade",30,{"v":1,"d":"1.0"},1.8,{"v":17,"d":"17.0"},{"v":54,"d":"54.0"}]
["Resfriador de Leite, Tanque Expansão","Unidade",13,{"v":1,"d":"1.0"},{"v":1.08,"d":"1.1"},{"v":2,"d":"2.0"},{"v":14,"d":"14.0"}]
["Semeadeira/Adubadeira para Plantio Convencional","Unidade",21,{"v":1,"d":"1.0"},{"v":1.14,"d":"1.1"},{"v":3,"d":"3.0"},{"v":24,"d":"24.0"}]
["Semeadeira/Plantadeira Plantio Direto","Unidade",24,{"v":1,"d":"1.0"},{"v":1.21,"d":"1.2"},{"v":3,"d":"3.0"},{"v":29,"d":"29.0"}]
["Terraceador","Unidade",5,{"v":1,"d":"1.0"},{"v":1,"d":"1.0"},{"v":1,"d":"1.0"},{"v":5,"d":"5.0"}]
["Trator de Pneus","Unidade",99,{"v":1,"d":"1.0"},{"v":2.68,"d":"2.7"},{"v":34,"d":"34.0"},{"v":265,"d":"265.0"}]
["Açude/Represa","Unidade",47,{"v":1,"d":"1.0"},{"v":1.74,"d":"1.7"},{"v":6,"d":"6.0"},{"v":82,"d":"82.0"}]
["Adega Cantina","Unidade",1,{"v":2,"d":"2.0"},{"v":2,"d":"2.0"},{"v":2,"d":"2.0"},{"v":2,"d":"2.0"}]
["Alambique","Unidade",1,{"v":1,"d":"1.0"},{"v":1,"d":"1.0"},{"v":1,"d":"1.0"},{"v":1,"d":"1.0"}]
["Almoxarifado/Oficina","Unidade",30,{"v":1,"d":"1.0"},{"v":1.37,"d":"1.4"},{"v":6,"d":"6.0"},{"v":41,"d":"41.0"}]
["Armazém para Grãos Ensacados","Sacas",15,{"v":1,"d":"1.0"},{"v":1460.4,"d":"1,460.4"},{"v":6000,"d":"6,000.0"},{"v":21906,"d":"21,906.0"}]
["Balança para Bovinos","Unidade",7,{"v":1,"d":"1.0"},{"v":1,"d":"1.0"},{"v":1,"d":"1.0"},{"v":7,"d":"7.0"}]
["Balança para Veículos","Unidade",3,{"v":1,"d":"1.0"},{"v":1,"d":"1.0"},{"v":1,"d":"1.0"},{"v":3,"d":"3.0"}]
["Barracão para Granja/Avicultura","Unidade",22,{"v":1,"d":"1.0"},{"v":3.59,"d":"3.6"},{"v":19,"d":"19.0"},{"v":79,"d":"79.0"}]
["Barracão/Galpão/Garagem","Unidade",124,{"v":1,"d":"1.0"},1.6,{"v":8,"d":"8.0"},{"v":198,"d":"198.0"}]
["Biodigestor","Unidade",1,{"v":1,"d":"1.0"},{"v":1,"d":"1.0"},{"v":1,"d":"1.0"},{"v":1,"d":"1.0"}]
["Casa de Moradia Habitada","Unidade",172,{"v":1,"d":"1.0"},{"v":1.91,"d":"1.9"},{"v":22,"d":"22.0"},{"v":329,"d":"329.0"}]
["Casa de Moradia Total","Unidade",181,{"v":1,"d":"1.0"},{"v":2.66,"d":"2.7"},{"v":25,"d":"25.0"},{"v":482,"d":"482.0"}]
["Curral/Mangueira","Unidade",123,{"v":1,"d":"1.0"},{"v":1.15,"d":"1.2"},{"v":9,"d":"9.0"},{"v":141,"d":"141.0"}]
["Depósito/Tulha","Unidade",56,{"v":1,"d":"1.0"},{"v":1.11,"d":"1.1"},{"v":4,"d":"4.0"},{"v":62,"d":"62.0"}]
["Estábulo","Unidade",20,{"v":1,"d":"1.0"},1.4,{"v":6,"d":"6.0"},{"v":28,"d":"28.0"}]
["Estufa/Plasticultura","m²",5,{"v":1,"d":"1.0"},693.8,{"v":2250,"d":"2,250.0"},{"v":3469,"d":"3,469.0"}]
["Fábrica de Ração","Unidade",8,{"v":1,"d":"1.0"},{"v":1,"d":"1.0"},{"v":1,"d":"1.0"},{"v":8,"d":"8.0"}]
["Instalações para Equinos","Unidade",4,{"v":1,"d":"1.0"},{"v":2.75,"d":"2.8"},{"v":6,"d":"6.0"},{"v":11,"d":"11.0"}]
["Máquina de Benefício","Unidade",7,{"v":1,"d":"1.0"},{"v":1,"d":"1.0"},{"v":1,"d":"1.0"},{"v":7,"d":"7.0"}]
["Pocilga","Unidade",49,{"v":1,"d":"1.0"},{"v":1.47,"d":"1.5"},{"v":13,"d":"13.0"},{"v":72,"d":"72.0"}]
["Poço Semi-Artesiano","Unidade",37,{"v":1,"d":"1.0"},{"v":1.03,"d":"1.0"},{"v":2,"d":"2.0"},{"v":38,"d":"38.0"}]
["Posto Meteorológico","Unidade",1,{"v":1,"d":"1.0"},{"v":1,"d":"1.0"},{"v":1,"d":"1.0"},{"v":1,"d":"1.0"}]
["Secador de Grãos","Unidade",2,{"v":1,"d":"1.0"},{"v":1,"d":"1.0"},{"v":1,"d":"1.0"},{"v":2,"d":"2.0"}]
["Silo para Silagem","t",16,{"v":4,"d":"4.0"},{"v":353.38,"d":"353.4"},{"v":1500,"d":"1,500.0"},{"v":5654,"d":"5,654.0"}]
["Terreiro","m²",18,{"v":50,"d":"50.0"},{"v":2593.72,"d":"2,593.7"},{"v":18000,"d":"18,000.0"},{"v":46687,"d":"46,687.0"}]
["Usina de Açúcar/destilaria","Unidade",1,{"v":1,"d":"1.0"},{"v":1,"d":"1.0"},{"v":1,"d":"1.0"},{"v":1,"d":"1.0"}]
["Fonte: Secretaria de Agricultura e Abastecimento, CDRS/IEA, Projeto LUPA."]
[]
["TABELA 497.4 - Outras Estatísticas Agrícolas, Município de Sales Oliveira, Estado de São Paulo, 2007/08."]
["ITEM","Número de UPAs",null,"Percentual"]
["Faz Parte de Associação de Produtores",37,null,{"v":12.416107382550335,"d":"12.4"}]
["Faz Parte de Cooperativa de Produtores",169,null,{"v":56.711409395973156,"d":"56.7"}]
["Faz Parte do Sindicato de Produtores",150,null,{"v":50.33557046979866,"d":"50.3"}]
["Não utiliza assistência técnica ",107,null,{"v":35.90604026845637,"d":"35.9"}]
["Utiliza somente assistência técnica governamental ",56,null,{"v":18.79194630872483,"d":"18.8"}]
["Utiliza somente assistência técnica privada ",25,null,{"v":8.389261744966444,"d":"8.4"}]
["Utiliza assistência técnica tanto governamental quanto privada",110,null,{"v":36.91275167785235,"d":"36.9"}]
["Utiliza Crédito Rural",24,null,{"v":8.053691275167786,"d":"8.1"}]
["Utiliza Seguro Rural",11,null,{"v":3.691275167785235,"d":"3.7"}]
["Utiliza Escrituração Agrícola",219,null,{"v":73.48993288590604,"d":"73.5"}]
["Acessa Internet p/ Fins na Agropecuária",48,null,{"v":16.107382550335572,"d":"16.1"}]
["Utiliza Computador nas Atividades Agropecuárias",59,null,{"v":19.798657718120804,"d":"19.8"}]
["Utiliza Energia Elétrica Para Uso na Atividade Agrícola",212,null,{"v":71.14093959731544,"d":"71.1"}]
["Realiza Análise de Solo, quando necessário",35,null,{"v":11.74496644295302,"d":"11.7"}]
["Utiliza Práticas de Conservação de Solo, quando necessário",291,null,{"v":97.6510067114094,"d":"97.7"}]
["Faz Adubação Mineral, quando necessário",256,null,{"v":85.90604026845638,"d":"85.9"}]
["Faz Adubação Orgânica, quando necessário",35,null,{"v":11.74496644295302,"d":"11.7"}]
["Faz Adubação Verde, quando necessário",6,null,{"v":2.013422818791946,"d":"2.0"}]
["Utiliza Manejo Integrado de Pragas (MIP)",1,null,{"v":0.33557046979865773,"d":"0.3"}]
["Utiliza Hidroponia","-",null,"-"]
["Utiliza Plasticultura",2,null,{"v":0.6711409395973155,"d":"0.7"}]
["Utiliza Mudas Fiscalizadas",27,null,{"v":9.060402684563758,"d":"9.1"}]
["Utiliza Semente Melhorada",88,null,{"v":29.53020134228188,"d":"29.5"}]
["Faz Confinamento de Bovinos",18,null,{"v":6.0402684563758395,"d":"6.0"}]
["Utiliza Pastejo Intensivo",95,null,{"v":31.879194630872483,"d":"31.9"}]
["Faz Inseminação Artificial",11,null,{"v":3.691275167785235,"d":"3.7"}]
["Faz Mineralização do Rebanho",105,null,{"v":35.23489932885906,"d":"35.2"}]
["Faz Vermifugação do Rebanho",106,null,{"v":35.57046979865772,"d":"35.6"}]
["Possui Parceiros /Arrendatários na Exploração Animal",25,null,{"v":8.389261744966444,"d":"8.4"}]
["Esporte e lazer","-",null,"-"]
["Extração mineral","-",null,"-"]
["Hotel Fazenda, Pousada ou SPA","-",null,"-"]
["Pesque-pague","-",null,"-"]
["Restaurante ou Lanchonete","-",null,"-"]
["Transformação artesanal","-",null,"-"]
["Turismo rural ou ecoturismo","-",null,"-"]
["Outras atividades econômicas rurais","-",null,"-"]
["Agroindústria","-",null,"-"]
["Proprietário sem instrução ou com instrução incompleta",17,null,{"v":5.704697986577181,"d":"5.7"}]
["Proprietário com antigo primário completo",67,null,{"v":22.483221476510067,"d":"22.5"}]
["Proprietário com 1° grau (ou antigo ginasial) completo",20,null,{"v":6.711409395973155,"d":"6.7"}]
["Proprietário com 2° grau (ou antigo colegial) completo",55,null,{"v":18.456375838926174,"d":"18.5"}]
["Proprietário com curso superior completo ",118,null,{"v":39.59731543624161,"d":"39.6"}]
["Pessoa Jurídica",21,null,{"v":7.046979865771812,"d":"7.0"}]
["Proprietário residente na própria UPA ",32,null,{"v":10.738255033557047,"d":"10.7"}]
["Fonte: Secretaria de Agricultura e Abastecimento, CDRS/IEA, Projeto LUPA."]
[]
["TABELA 497.5 - Área Cultivada, Município de Sales Oliveira, Estado de São Paulo, 2007/08."]
["CULTURA","N.DE UPAs","MÍNIMO","MÉDIO","MÁXIMO","TOTAL"]
["Cana-de-acucar",221,{"v":1,"d":"1.0"},{"v":97.85,"d":"97.9"},{"v":1269.1,"d":"1,269.1"},{"v":21624.4,"d":"21,624.4"}]
["Braquiaria",134,0.4,{"v":20.67,"d":"20.7"},474.9,{"v":2769.8,"d":"2,769.8"}]
["Milho",50,{"v":1,"d":"1.0"},{"v":11.22,"d":"11.2"},{"v":60,"d":"60.0"},561.2]
["Cafe",9,0.4,{"v":52.76,"d":"52.8"},446.8,474.8]
["Soja",14,4.8,{"v":25.73,"d":"25.7"},86.1,360.2]
["Amendoim",6,9.6,58.8,145.2,352.8]
["Outras gramineas para pastagem",3,9.6,44.8,109.8,134.4]
["Milho-silagem",8,0.6,{"v":14,"d":"14.0"},{"v":46,"d":"46.0"},{"v":112,"d":"112.0"}]
["Gramas",8,0.8,11.7,{"v":60,"d":"60.0"},93.6]
["Macadamia (ou noz-macadamia)",2,{"v":2,"d":"2.0"},{"v":34.85,"d":"34.9"},67.7,69.7]
["Abacate",1,44.7,44.7,44.7,44.7]
["Capim-napier (ou capim-elefante)",7,{"v":1,"d":"1.0"},{"v":5,"d":"5.0"},20.6,{"v":35,"d":"35.0"}]
["Milho Safrinha",1,14.7,14.7,14.7,14.7]
["Eucalipto",3,1.7,{"v":4.57,"d":"4.6"},7.2,13.7]
["Viveiro de citros",1,10.5,10.5,10.5,10.5]
["Coloniao",1,9.6,9.6,9.6,9.6]
["Viveiro de florestais",1,{"v":7,"d":"7.0"},{"v":7,"d":"7.0"},{"v":7,"d":"7.0"},{"v":7,"d":"7.0"}]
["Alface",2,2.6,2.9,3.2,5.8]
["Manga",1,{"v":5,"d":"5.0"},{"v":5,"d":"5.0"},{"v":5,"d":"5.0"},{"v":5,"d":"5.0"}]
["Lichia",1,4.8,4.8,4.8,4.8]
["Limao",1,{"v":3,"d":"3.0"},{"v":3,"d":"3.0"},{"v":3,"d":"3.0"},{"v":3,"d":"3.0"}]
["Quiabo",1,2.4,2.4,2.4,2.4]
["Outras leguminosas para pastagem",1,2.1,2.1,2.1,2.1]
["Palmito",1,1.4,1.4,1.4,1.4]
["Abobora (ou jerimum)",1,1.2,1.2,1.2,1.2]
["Fonte: Secretaria de Agricultura e Abastecimento, CDRS/IEA, Projeto LUPA."]